Santa Teresa medium / (Record no. 47741)

MARC details
000 -LEADER
campo de control de longitud fija 00619nam a2200217 i 4500
001 - NÚMERO DE CONTROL
campo de control 47741
003 - IDENTIFICADOR DE NÚMERO DE CONTROL
campo de control ES-MaACL
005 - FECHA Y HORA DE LA ÚLTIMA TRANSACCIÓN
campo de control 20230906161625.0
007 - CAMPO FIJO DE DESCRIPCIÓN FÍSICA--INFORMACIÓN GENERAL
campo de control de longitud fija t|
008 - DATOS DE LONGITUD FIJA--INFORMACIÓN GENERAL
campo de control de longitud fija 030521q19201929sp ||||1| spa d
080 ## - NÚMERO DE LA CLASIFICACIÓN DECIMAL UNIVERSAL
Número de la Clasificación Decimal Universal 929 Teresa de Jesús, Santa
100 1# - ENTRADA PRINCIPAL--NOMBRE DE PERSONA
Nombre de persona Blanco Coris, J.
9 (RLIN) 29238
245 10 - MENCIÓN DEL TÍTULO
Título Santa Teresa medium /
Mención de responsabilidad, etc. J. Blanco Coris.
260 ## - PUBLICACIÓN, DISTRIBUCIÓN, ETC.
Lugar de publicación, distribución, etc. Madrid :
Nombre del editor, distribuidor, etc. Reus,
Fecha de publicación, distribución, etc. [192-]
300 ## - DESCRIPCIÓN FÍSICA
Extensión 134 p. ;
Dimensiones 20 cm.
490 1# - MENCIÓN DE SERIE
Mención de serie Biblioteca Bergamín
600 00 - PUNTO DE ACCESO ADICIONAL DE MATERIA--NOMBRE DE PERSONA
Nombre de persona Teresa de Jesús,
Títulos y otros términos asociados al nombre Santa,
Fechas asociadas al nombre 1515-1582
9 (RLIN) 226510
830 0# - PUNTO DE ACCESO ADICIONAL DE SERIE-TÍTULO UNIFORME
Título uniforme Biblioteca Bergamín
9 (RLIN) 186723
852 ## - LOCALIZACIÓN
Ubicación ES-MaACL
Número de control de estantería F-7649
Holdings
Estatus retirado Estado de pérdida Estado de daño No para préstamo Biblioteca de origen Biblioteca actual Ubicación en estantería Fecha de adquisición Fuente de adquisición Total de préstamos Signatura topográfica completa Código de barras Visto por última vez Precio de reemplazo Tipo de ítem Koha
        Biblioteca del Ateneo de Madrid Biblioteca del Ateneo de Madrid Sala Pecera Planta 2 17/01/2008     F-7649 1050234 23/02/2023 23/02/2023 Libro impreso